| 000 | 00767nam a2200217 a 4500 | ||
|---|---|---|---|
| 001 | BRCA_3763 | ||
| 005 | 20190320204420.0 | ||
| 008 | 071009m19931999mx-a---###---#000-0#spa-# | ||
| 041 | _aspa | ||
| 044 | _amx | ||
| 050 | 4 |
_aF1391.P8 _b.C37 1999 |
|
| 245 | 1 | 0 | _aCartografía histórica de la Ciudad de Puebla. |
| 260 |
_aMéxico _bAngelopolis : Gobierno Participativo 1993-1999 : Instituto de Ciencias Sociales y Humanidades UAP _c[1999] |
||
| 300 |
_a1 v. (sin paginación) _bil., 26 láminas, mapas _c41 cm. |
||
| 500 | _aColección Sonia Corcuera de Mancera | ||
| 500 | _aPor su formato NO se presta a domicilio | ||
| 650 | 1 | 4 |
_aCartografía _xHistória _zMéxico _9760 |
| 651 | 4 |
_aPuebla (México) _xGeografía histórica _99813 |
|
| 902 | _aDSC | ||
| 942 |
_2lcc _cB |
||
| 999 |
_c3492 _d3492 |
||